000 00614nam a2200205Ia 4500
003 GCL
008 140319s9999 xx 000 0 ara d
040 _aGCL /
_cGCL
082 0 4 _a953.047
_bح ب
100 1 _aخضر احمد عطاالله
245 1 0 _aبيت الحكمة فى عصر العباسين /
_cخضر احمد عطاالله
260 _a[S.N] :
_bدار الفكر العربى
300 _a518 ص
490 _a
650 0 4 _aالعالم العربى
650 0 4 _aتاريخ
650 0 4 _aالتاريخ الاسلامى
650 0 4 _aالدولة العباسية
942 _2ddc
_cBK
999 _c31646
_d31646